[Event "Tourn. n9777"]
[Site "www.chess-mail.com"]
[Date "2018.07.11"]
[Round "1"]
[White "Awfen"]
[Black "Falcoale"]
[WhiteElo "2080"]
[BlackElo "1870"]
[Result "1-0"]
[Round "1"]
1.e4 c5
2.Ng1f3 Nb8c6
3.Bf1c4 e6
4.O-O b6
5.Nb1c3 Bc8b7
6.a3 a6
7.Bc4e2 d6
8.d3 Ng8f6
9.Bc1g5 h6
10.Bg5d2 Bf8e7
11.Qd1e1 O-O
12.b4 cxb4
13.axb4 Nc6xb4
14.Be2d1 Nb4c6
15.d4 Qd8c7
16.h3 Rf8e8
17.e5 dxe5
18.dxe5 Nf6d7
19.Bd2f4 Be7b4
20.Ra1b1 a5
21.Qe1e3 Bb4c5
22.Qe3e2 Nc6a7
23.Nc3a4 Bc5e7
24.Nf3d4 Na7c6
25.Nd4xc6 Bb7xc6
26.c4 Qc7b7
27.Qe2g4 f5
28.Qg4g6 Be7g5
29.Bf4g3 Ra8b8
30.h4 Bg5e7
31.Qg6xe6 Kh8
32.Qe6xf5 Nd7c5
33.Rb1xb6 Qb7d7
34.Qf5xd7 Bc6xd7
35.Rb6xb8 Re8xb8
36.Na4xc5 Be7xc5
37.e6 Rb8b7
38.exd7 Rb7xd7
39.Bd1f3 a4
40.Bf3c6 Rd7a7
41.Rf1a1 a3
42.Bc6b5 Ra7e7
43.Bg3f4 Re7e2
44.Bf4e3 Bc5xe3
45.fxe3 Re2xe3
46.Kh2 Re3c3
47.Ra1a2 Kg8
48.g3 Kf8
49.Kh3 Ke7
50.Kg4 Kf6
51.Kf4 g5
52.hxg5 hxg5
53.Kg4 Kg6
54.Bb5e8 Kf6
55.Ra2f2 Ke7
56.Rf2e2 Kf8
57.Be8b5 { resign }
1-0

[Event "Match"]
[Site "www.echecsemail.com"]
[Date "2018.07.11"]
[Round "1"]
[White "Gambitmiau"]
[Black "J1j6"]
[WhiteElo "1950"]
[BlackElo "1809"]
[Result "0-1"]
[Round "1"]
1.e4 e5
2.d4 exd4
3.Bf1c4 c5
4.Qd1f3 Qd8f6
5.Qf3b3 Nb8c6
6.Bc1d2 Nc6a5
7.Bd2xa5 b6
8.Bc4d5 Ra8b8
9.Ba5d2 Bf8d6
10.Ng1f3 Qf6g6
11.O-O Ng8f6
12.e5 Nf6xd5
13.exd6 Bc8b7
14.Rf1e1 Kf8
15.Nf3e5 Qg6xd6
16.Qb3f3 Nd5f6
17.Qf3g3 Kg8
18.Bd2f4 Rb8e8
19.Kf1 Nf6e4
20.Re1xe4 Bb7xe4
21.Ne5xf7 Qd6c6
22.Nf7h6 Kf8
23.Bf4d6 Re8e7
24.Bd6xe7 Kxe7
25.Qg3xg7 Kd6
26.Nh6f7 Kc7
27.Qg7g3 Kb7
28.Nf7xh8 Qc6b5
29.Kg1 Qb5xb2
30.h3 Qb2xa1
31.Qg3b3 a6
32.Kh2 b5
33.Nh8f7 Kc6
34.Nf7g5 Be4d5
35.c4 Bd5xc4
36.Qb3d1 Qa1xa2
37.Nb1d2 Bc4d5
38.Ng5xh7 Kb6
39.Nh7f6 Bd5e6
40.Nf6e4 c4
41.Qd1h5 Qa2a3
42.f4 c3
43.Qh5h6 c2
44.f5 c1Q
45.Nd2c4 Qc1xc4
46.fxe6 dxe6
{ resign }
0-1

[Event "Tourn. n9865"]
[Site "www.echecsemail.com"]
[Date "2018.07.11"]
[Round "1"]
[White "Mitja"]
[Black "Orhany24"]
[WhiteElo "2030"]
[BlackElo "2120"]
[Result "1-0"]
[Round "1"]
1.d4 d5
2.e3 c5
3.dxc5 e5
4.c3 Bf8xc5
5.Nb1d2 f5
6.Nd2b3 Bc5e7
7.Bf1e2 Ng8f6
8.Ng1f3 Nb8c6
9.h3 O-O
10.O-O h6
11.Nb3d2 Bc8e6
12.b3 a6
13.Bc1b2 Be7d6
14.Rf1e1 Qd8c7
15.Nf3h2 Ra8d8
16.Qd1c2 Qc7f7
17.Ra1d1 g5
18.f3 h5
19.e4 dxe4
20.fxe4 f4
21.Nd2f3 g4
22.Nf3g5 Qf7e7
23.Ng5xe6 Qe7xe6
24.Be2c4 { resign }
1-0

[Event "Tourn. n9863"]
[Site "www.echecsemail.com"]
[Date "2018.07.11"]
[Round "1"]
[White "Alekpax"]
[Black "Passaroa25"]
[WhiteElo "1859"]
[BlackElo "1640"]
[Result "1-0"]
[Round "1"]
1.e4 Nb8c6
2.Ng1f3 e5
3.Bf1c4 Qd8e7
4.O-O h6
5.Nb1c3 Ng8f6
6.d4 Nc6xd4
7.Nf3xd4 exd4
8.Qd1xd4 c5
9.Qd4d1 Nf6xe4
10.Nc3xe4 Qe7xe4
11.Rf1e1 Qe4e7
12.Bc1f4 Qe7xe1
13.Qd1xe1 Bf8e7
14.Bf4d6 b6
15.Qe1xe7 
1-0

[Event "Match"]
[Site "www.echecsemail.com"]
[Date "2018.07.11"]
[Round "1"]
[White "Caspito"]
[Black "Apdash"]
[WhiteElo "1940"]
[BlackElo "1840"]
[Result "1-0"]
[Round "1"]
1.e4 e5
2.Ng1e2 Ng8f6
3.f4 exf4
4.Ne2xf4 Nf6xe4
5.Qd1e2 Qd8e7
6.Nf4d5 Qe7e5
7.Nb1c3 c6
8.d4 Qe5d6
9.Qe2xe4 Kd8
10.Bc1f4 cxd5
11.Nc3xd5 Qd6b4
12.Nd5xb4 Bf8xb4
13.c3 Rh8e8
14.Bf4c7 Kxc7
15.Qe4xe8 { resign }
1-0

[Event "Match"]
[Site "www.echecsemail.com"]
[Date "2018.07.11"]
[Round "1"]
[White "Pwain"]
[Black "Cathar"]
[WhiteElo "2550"]
[BlackElo "2170"]
[Result "1-0"]
[Round "1"]
1.e4 e6
2.Ng1f3 d5
3.e5 c5
4.b4 cxb4
5.a3 bxa3
6.d4 Nb8c6
7.c3 Bc8d7
8.Nb1xa3 a6
9.Bf1d3 h6
10.O-O Ra8c8
11.Nf3d2 Ng8e7
12.Bc1b2 b5
13.Na3c2 Nc6a5
14.Qd1g4 Na5c4
15.Bd3xc4 dxc4
16.Ra1xa6 Bd7c6
17.Nc2b4 Bc6b7
18.Ra6d6 Qd8c7
19.Nb4a6 Bb7xa6
20.Rd6xa6 Ne7d5
21.Nd2e4 g6
22.Rf1a1 Bf8e7
23.Bb2c1 Rc8b8
24.Qg4f3 Kf8
25.Ra6xe6 { resign }
1-0

[Event "Match"]
[Site "www.echecsemail.com"]
[Date "2018.07.11"]
[Round "1"]
[White "Tonino1"]
[Black "Aperturaf"]
[WhiteElo "2210"]
[BlackElo "2770"]
[Result "0-1"]
[Round "1"]
1.d4 e6
2.f4 d5
3.e3 Bf8d6
4.Bf1d3 Ng8f6
5.Ng1f3 O-O
6.O-O c5
7.c3 b6
8.Qd1e2 Nb8c6
9.Nf3e5 Nc6e7
10.Nb1d2 Bc8b7
11.g4 Nf6e4
12.Qe2f3 f5
13.g5 cxd4
14.exd4 Bd6xe5
15.dxe5 Ne4c5
16.Bd3c2 d4
17.Qf3f2 dxc3
18.bxc3 Ra8c8
19.Nd2c4 Qd8d5
20.Qf2e2 Qd5h1
21.Kf2 Qh1xh2
22.Ke1 Qh2g3
23.Kd1 Ne7d5
24.Bc1e3 Nd5xc3
 { time }
0-1

[Event "Match"]
[Site "www.echecsemail.com"]
[Date "2018.07.11"]
[Round "1"]
[White "Ericleo1980"]
[Black "Lcbunghai"]
[WhiteElo "2140"]
[BlackElo "2140"]
[Result "0-1"]
[Round "1"]
1.e4 c5
2.Ng1f3 d6
3.d4 cxd4
4.Nf3xd4 Ng8f6
5.Nb1c3 a6
6.Bc1e3 Nb8c6
7.Bf1c4 { time. }
0-1

[Event "Match"]
[Site "www.echecsemail.com"]
[Date "2018.07.11"]
[Round "1"]
[White "Ericleo1980"]
[Black "Ditto"]
[WhiteElo "2160"]
[BlackElo "1880"]
[Result "0-1"]
[Round "1"]
1.e4 e5
2.Ng1f3 Nb8c6
3.Bf1b5 Bf8c5
4.c3 d6
5.h3 Ng8e7
6.b4 Bc5b6
7.Bc1b2 { time. }
0-1

[Event "Match"]
[Site "www.echecsemail.com"]
[Date "2018.07.11"]
[Round "1"]
[White "Hundegana"]
[Black "Grischuk2789"]
[WhiteElo "2120"]
[BlackElo "1809"]
[Result "0-1"]
[Round "1"]
1.f4 d5
2.g3 g6
3.Bf1g2 Bf8g7
4.d3 c6
5.Ng1f3 Ng8f6
6.h3 O-O
7.Nb1d2 Nf6h5
8.Kf2 f6
9.Nd2b3 e5
10.e3 a5
11.a4 d4
12.g4 dxe3
13.Bc1xe3 Nh5xf4
14.Be3xf4 exf4
15.Rh1e1 f5
16.c3 fxg4
17.Nf3g1 f3
18.Bg2f1 Qd8h4
19.Ke3 Qh4g5
20.Kf2 g3

0-1

[Event "Match"]
[Site "www.echecsemail.com"]
[Date "2018.07.11"]
[Round "1"]
[White "Apdash"]
[Black "Fangshuo"]
[WhiteElo "1840"]
[BlackElo "2080"]
[Result "1-0"]
[Round "1"]
1.e4 c5
2.f4 e6
3.Ng1f3 Ng8f6
4.Nb1c3 d5
5.exd5 exd5
6.d4 Bc8g4
7.Bf1e2 Nb8c6
8.Nf3e5 Nc6xe5
9.dxe5 Bg4xe2
10.Kxe2 d4
11.exf6 Qd8xf6
12.Nc3b5 Bf8d6
13.Nb5xd6 Qf6xd6
14.Rh1e1 O-O-O
15.Kf2 f6
16.Qd1g4 Rd8d7
17.Bc1d2 g6
18.Re1e6 Qd6f8
19.Ra1e1 Qf8d8
20.Re6d6 Kc7
21.Rd6xd7 Qd8xd7
22.Qg4xd7 Kxd7
23.f5 gxf5
24.c4 Rh8e8
25.Re1xe8 Kxe8
26.Kf3 Ke7
27.b4 Kd6
28.Kf4 Kc6
29.Kxf5 b5
30.cxb5 Kxb5
31.bxc5 Kxc5
32.Kxf6 Kc4
33.h4 Kd3
34.Bd2b4 Kc2
35.g4 d3
36.g5 d2
37.Bb4xd2 { resign }
1-0

[Event "Tourn. n9877"]
[Site "www.echecsemail.com"]
[Date "2018.07.11"]
[Round "1"]
[White "Grischuk2789"]
[Black "Falcoale"]
[WhiteElo "1809"]
[BlackElo "1870"]
[Result "1-0"]
[Round "1"]
1.c4 Ng8f6
2.Nb1c3 e6
3.d4 Bf8b4
4.Qd1c2 O-O
5.e4 b6
6.f3 Bc8b7
7.Bf1d3 d5
8.cxd5 exd5
9.e5 Nf6e8
10.Bd3xh7 Kh8
11.h4 g6
12.h5 g5
13.Ng1h3 c5
14.Nh3xg5 cxd4
15.a3 Bb4e7
16.Bh7g8 { resign }
1-0

[Event "Match"]
[Site "www.echecsemail.com"]
[Date "2018.07.11"]
[Round "1"]
[White "Apdash"]
[Black "Dougbeer"]
[WhiteElo "1840"]
[BlackElo "1979"]
[Result "0-1"]
[Round "1"]
1.d4 e6
2.e4 d5
3.e5 c5
4.Bc1e3 cxd4
5.Be3xd4 Nb8c6
6.Bf1b5 Bc8d7
7.Bb5xc6 bxc6
8.c3 c5
9.Bd4e3 Qd8b8
10.Qd1e2 Qb8xe5
11.Ng1f3 Qe5b8
12.a4 Bf8d6
13.O-O Ng8f6
14.Be3g5 Nf6e4
15.h3 O-O
16.Nb1d2 Ne4xg5
17.Nf3xg5 f6
18.Ng5f3 Qb8xb2
19.Qe2a6 Qb2b6
20.Qa6e2 Ra8b8
21.c4 Bd6c7
22.Rf1b1 Qb6c6
23.Rb1e1 d4
24.Qe2e4 e5
25.g4 Qc6xe4
26.Nd2xe4 Bc7a5
27.Ne4xc5 Bd7c6
28.Nf3xe5 fxe5
29.Re1xe5 Rf8f3
30.Re5e6 Rb8c8
31.Ra1d1 Rf3xh3
32.Nc5e4 Bc6d7
33.Kg2 Bd7xe6
34.Kxh3 Rc8xc4
35.Ne4g5 Be6d7
36.Ng5f3 Rc4c3
{ resign }
0-1

[Event "Tourn. n9885"]
[Site "www.echecsemail.com"]
[Date "2018.07.11"]
[Round "1"]
[White "Grischuk2789"]
[Black "Fantomas"]
[WhiteElo "2119"]
[BlackElo "2110"]
[Result "1-0"]
[Round "1"]
1.d4 d5
2.c4 e6
3.Nb1c3 Ng8f6
4.Bc1g5 Bf8e7
5.Ng1f3 O-O
6.e3 h6
7.Bg5f4 c6
8.Bf1d3 dxc4
9.Bd3xc4 Be7d6
10.Bf4xd6 Qd8xd6
11.O-O Rf8d8
12.e4 Qd6b4
13.Qd1e2 b5
14.Bc4b3 Bc8b7
15.e5 Nf6h7
16.Nc3e4 Qb4e7
17.a4 bxa4
18.Ra1xa4 a5
19.Ne4d6 Bb7a6
20.Bb3c4 Ba6xc4
21.Ra4xc4 Nh7f8
22.Rf1a1 Ra8a6
23.Nf3d2 Nf8d7
24.Rc4c3 Nd7b6
25.Rc3g3 Nb6d5
26.Qe2h5 Nd5f4
27.Qh5g4 Nf4g6
28.Nd2c4 a4
29.Qg4e4 Rd8d7
30.Nd6xf7 Qe7xf7
31.Rg3xg6 Ra6a8
32.Nc4d6 Qf7e7
33.Qe4g4 { resign }
1-0

[Event "Tourn. n9879"]
[Site "www.echecsemail.com"]
[Date "2018.07.11"]
[Round "1"]
[White "Mitja"]
[Black "J1j6"]
[WhiteElo "2050"]
[BlackElo "2179"]
[Result "1-0"]
[Round "1"]
1.d4 c6
2.e3 e5
3.dxe5 Qd8a5
4.c3 Qa5xe5
5.Ng1f3 Qe5c7
6.Nb1d2 d5
7.b3 Bf8d6
8.Bc1b2 Ng8f6
9.h3 Bc8e6
10.Nf3d4 Nb8d7
11.Nd4xe6 fxe6
12.Nd2f3 O-O-O
13.Bf1e2 h6
14.a4 Nd7e5
15.Nf3xe5 Bd6xe5
16.Ra1b1 Qc7a5
17.Qd1c2 Nf6e4
18.b4 Qa5c7
19.c4 Be5xb2
20.Qc2xb2 dxc4
21.Be2xc4 Rd8d2
22.Qb2b3 Rd2xf2
23.Rb1b2 Qc7g3
24.Kd1 Rh8d8
25.Kc1 Qg3xg2
26.Bc4xe6 Kb8
27.Rh1e1 Rd8d2
28.Be6g4 Rd2xb2
29.Qb3g8 Kc7
30.Qg8c8 Kb6
31.Qc8d8 { resign }
1-0

[Event "Tourn. n9877"]
[Site "www.echecsemail.com"]
[Date "2018.07.11"]
[Round "1"]
[White "Falcoale"]
[Black "Joskomol"]
[WhiteElo "1870"]
[BlackElo "1809"]
[Result "0-1"]
[Round "1"]
1.e4 e5
2.Ng1f3 Nb8c6
3.d4 exd4
4.Nf3xd4 Ng8f6
5.Nb1c3 Bf8b4
6.Nd4xc6 bxc6
7.Bf1d3 d5
8.O-O Bb4xc3
9.bxc3 Nf6xe4
10.Rf1e1 Qd8e7
11.f3 Bc8g4
12.fxg4 O-O
13.Bc1b2 Qe7c5
14.Kh1 Ne4f2
{ resign }
0-1

[Event "Tourn. n9850"]
[Site "www.echecsemail.com"]
[Date "2018.07.11"]
[Round "1"]
[White "Darko10"]
[Black "Danquigley"]
[WhiteElo "2870"]
[BlackElo "2610"]
[Result "1/2-1/2"]
[Round "1"]
1.e4 e6
2.d4 d5
3.Nb1c3 Ng8f6
4.e5 Nf6d7
5.f4 c5
6.Ng1f3 Nb8c6
7.Bc1e3 Bf8e7
8.Qd1d2 O-O
9.dxc5 Nd7xc5
10.O-O-O a6
11.h4 b5
12.Qd2f2 Nc5a4
13.Nc3xa4 bxa4
14.c3 a3
15.b3 a5
16.Bf1b5 Qd8c7
17.Qf2c2 Bc8a6
18.Nf3g5 g6
19.Bb5xc6 Qc7xc6
20.Be3d4 Ra8b8
21.h5 Be7xg5
22.fxg5 a4
23.b4 Rf8c8
24.Bd4c5 Qc6b5
25.Bc5d6 Rb8b7
26.Rd1d4 gxh5
27.Rh1xh5 Qb5f1
28.Rd4d1 Qf1f4
29.Kb1 Qf4e4
30.Rh5h3 Kg7
31.Kc1 Qe4xc2
32.Kxc2 Rc8c4
33.Rd1d4 Kg6
34.Rh3g3 Ba6b5
35.Kc1 Rb7d7
{ draw }
1/2-1/2

[Event "Tourn. n9871"]
[Site "www.echecsemail.com"]
[Date "2018.07.11"]
[Round "1"]
[White "Bojan"]
[Black "Fabos12"]
[WhiteElo "2060"]
[BlackElo "2000"]
[Result "1-0"]
[Round "1"]
1.e4 e6
2.d4 Nb8c6
3.Ng1f3 d5
4.Nb1c3 Ra8b8
5.a3 Bf8e7
6.exd5 exd5
7.Bf1b5 Ng8f6
8.Nf3e5 Bc8d7
{ time. }
1-0

[Event "Match"]
[Site "www.echecsemail.com"]
[Date "2018.07.11"]
[Round "1"]
[White "Luzhin"]
[Black "Grischuk2789"]
[WhiteElo "2510"]
[BlackElo "1899"]
[Result "1/2-1/2"]
[Round "1"]
1.d4 Ng8f6
2.c4 e6
3.Ng1f3 d5
4.Nb1c3 Bf8e7
5.Bc1f4 O-O
6.e3 Nb8c6
7.a3 a6
8.Qd1c2 Nf6h5
9.Bf4e5 g6
10.Be5g3 b6
11.cxd5 exd5
12.Bg3xc7 Nc6xd4
{ draw }
1/2-1/2

[Event "Match"]
[Site "www.echecsemail.com"]
[Date "2018.07.11"]
[Round "1"]
[White "Alessiov"]
[Black "Storzman"]
[WhiteElo "1569"]
[BlackElo "1829"]
[Result "1-0"]
[Round "1"]
1.e4 e6
2.d3 d5
3.Qd1e2 d4
4.Ng1f3 c5
5.g3 Nb8c6
6.e5 Ng8e7
7.Bf1g2 Ne7g6
8.O-O b6
9.Nf3d2 Bc8b7
10.f4 Ng6e7
11.a4 a5
12.Nd2c4 Ne7d5
13.f5 Qd8c7
14.fxe6 fxe6
15.Bg2xd5 exd5
16.Nc4d6 Kd7
17.Qe2g4 { resign }
1-0

[Event "Match"]
[Site "www.echecsemail.com"]
[Date "2018.07.11"]
[Round "1"]
[White "Lcbunghai"]
[Black "Add"]
[WhiteElo "2150"]
[BlackElo "2200"]
[Result "1/2-1/2"]
[Round "1"]
1.d4 d6
2.e4 h6
3.Ng1f3 c6
4.Bf1e2 Ng8f6
5.Nb1c3 e6
6.O-O Bf8e7
7.h3 O-O
8.Be2d3 Nb8d7
9.a3 e5
10.dxe5 dxe5
11.Bc1e3 b6
12.Qd1d2 Qd8c7
13.Ra1d1 Nd7c5
14.Rf1e1 Nc5xd3
15.Qd2xd3 Bc8e6
16.Qd3e2 Rf8d8
17.Nf3d2 Qc7c8
18.Kh2 Nf6h7
19.f4 exf4
20.Be3xf4 Be7d6
21.Bf4xd6 Rd8xd6
22.e5 Rd6d8
23.Nd2e4 Qc8c7
24.Rd1d6 Nh7f8
25.Re1d1 Nf8d7
26.Qe2h5 Nd7c5
27.Ne4xc5 bxc5
28.Nc3e4 c4
29.Qh5h4 Be6d5
30.Rd6xd8 Ra8xd8
31.Ne4d6 f6
32.Nd6xc4 Bd5xc4
33.Rd1xd8 Qc7xd8
34.Qh4xc4 Kh8
35.exf6 Qd8xf6
36.c3 Qf6d6
37.Kg1 c5
38.Qc4e2 a5
39.Qe2e8 { draw }
1/2-1/2

[Event "Tourn. n9870"]
[Site "www.echecsemail.com"]
[Date "2018.07.11"]
[Round "1"]
[White "Alekpax"]
[Black "Awfen"]
[WhiteElo "1859"]
[BlackElo "2080"]
[Result "1-0"]
[Round "1"]
1.e4 Nb8c6
2.d4 e5
3.dxe5 Nc6xe5
4.Ng1f3 Ne5c6
5.Bf1c4 Bf8b4
6.c3 Bb4c5
7.Bc4xf7 Kxf7
8.Qd1d5 Ke8
9.Qd5xc5 d6
10.Qc5c4 Ng8f6
11.O-O Qd8e7
12.b3 Bc8e6
13.Qc4d3 Ra8d8
14.Bc1a3 Nf6d7
15.Nb1d2 Rh8f8
16.Nf3d4 Nc6e5
17.Qd3e3 Nd7f6
18.f4 Ne5g4
19.Qe3f3 h5
20.e5 Nf6d7
21.exd6 cxd6
22.Ra1e1 Nd7e5
23.Qf3e2 Qe7h4
24.h3 Qh4g3
25.hxg4 Be6xg4
26.Qe2b5 Bg4d7
27.Qb5d5 Bd7c6
28.Qd5e6 
1-0

[Event "1/32 Finale"]
[Site "www.chess-mail.com"]
[Date "2018.07.11"]
[Round "1"]
[White "Danquigley"]
[Black "Guidom"]
[WhiteElo "2600"]
[BlackElo "2170"]
[Result "1-0"]
[Round "1"]
1.c4 c5
2.g3 g6
3.Bf1g2 Bf8g7
4.Nb1c3 Nb8c6
5.a3 d6
6.Ra1b1 Ng8f6
7.Ng1h3 O-O
8.b4 Ra8b8
9.O-O Bc8f5
10.d3 Qd8d7
11.Nh3f4 e5
12.Nf4d5 b6
13.Nd5xf6 Bg7xf6
14.Bg2xc6 Qd7xc6
15.Nc3d5 Bf6g7
16.Nd5e7 { resign }
1-0

[Event "Tourn. n9778"]
[Site "www.chess-mail.com"]
[Date "2018.07.12"]
[Round "1"]
[White "Cal"]
[Black "Falcoale"]
[WhiteElo "1640"]
[BlackElo "1870"]
[Result "0-1"]
[Round "1"]
1.Ng1f3 c5
2.c4 Nb8c6
3.e3 Ng8f6
4.Bf1e2 e6
5.Nb1c3 a6
6.h3 Bf8e7
7.O-O O-O
8.a3 b6
9.b3 Bc8b7
10.d3 Qd8c7
11.Bc1b2 Ra8d8
12.d4 d5
13.cxd5 exd5
14.dxc5 bxc5
15.Qd1c2 Nf6d7
16.Be2d3 h6
17.Bd3f5 Nd7f6
18.Nf3h2 d4
19.exd4 Nc6xd4
20.Bf5d3 Nd4xc2
21.Bd3xc2 Qc7c6
22.f3 h5
23.Ra1e1 Be7d6
24.Nc3d1 Rd8e8
25.Bb2xf6 Bd6xh2
26.Kxh2 Qc6xf6
27.Re1xe8 Rf8xe8
28.Nd1f2 a5
29.Nf2e4 Bb7xe4
30.Bc2d1 Be4d3
31.Rf1f2 Qf6c3
32.g4 hxg4
33.fxg4 Re8e3
34.Bd1f3 Qc3e1
35.Kg2 Bd3e4
36.Bf3xe4 Re3xe4
37.g5 Re4e2
38.Rf2xe2 Qe1h4
39.Re2e8 Kh7
40.Re8e5 Qh4d4
41.Re5e7 Qd4d2
42.Kf1 Qd2d1
43.Kf2 Qd1xb3
44.a4 Qb3xa4
45.Re7xf7 Qa4d4
46.Kg3 Qd4e3
47.Rf7f3 Qe3e5
48.Kg4 c4
49.h4 c3
50.h5 Qe5e4
51.Kg3 Qe4xf3
52.Kxf3 c2
{ resign }
0-1

[Event "Tourn. n9792"]
[Site "www.chess-mail.com"]
[Date "2018.07.12"]
[Round "1"]
[White "Falcoale"]
[Black "Osopanda"]
[WhiteElo "1900"]
[BlackElo "1860"]
[Result "0-1"]
[Round "1"]
1.e4 e5
2.Ng1f3 Nb8c6
3.Bf1c4 Ng8f6
4.Nf3g5 d5
5.exd5 Nc6a5
6.d3 Na5xc4
7.dxc4 Bf8e7
8.O-O Bc8g4
9.f3 Bg4h5
10.Qd1e1 O-O
11.Qe1xe5 Be7d6
12.Qe5e1 Rf8e8
13.Qe1d2 h6
14.Ng5h3 Qd8e7
15.Nb1c3 Bh5g6
16.Nc3b5 Bd6c5
17.Kh1 a6
18.Nb5c3 Bc5e3
19.Qd2d1 Be3xc1
20.Ra1xc1 Ra8d8
21.Nh3f2 Qe7c5
22.Nc3e4 Nf6xe4
23.fxe4 Bg6xe4
24.Nf2xe4 Re8xe4
25.b3 Rd8d6
26.Qd1f3 Re4e7
27.Rc1e1 Re7xe1
28.Rf1xe1 Rd6f6
29.Qf3d3 g6
30.Qd3h3 Kg7
31.Qh3d3 Qc5f2
32.Re1g1 Rf6f4
33.a3 Rf4d4
34.Qd3c3 f6
35.Qc3e1 Qf2xe1
36.h3 Qe1c3
{ resign }
0-1

[Event "Tourn. n9819"]
[Site "www.echecsemail.com"]
[Date "2018.07.12"]
[Round "1"]
[White "Kevinking"]
[Black "Tonino1"]
[WhiteElo "1870"]
[BlackElo "2020"]
[Result "1/2-1/2"]
[Round "1"]
1.e4 d6
2.d4 Ng8f6
3.Nb1c3 c6
4.h3 Qd8c7
5.Ng1f3 e5
6.Bf1e2 g6
7.O-O Bf8g7
8.Bc1e3 O-O
9.Be2d3 a6
10.Nc3e2 h6
11.c4 Nb8d7
12.d5 c5
13.Qd1c1 Kh7
14.Ra1b1 Nf6g8
15.g4 g5
16.Ne2g3 Nd7b6
17.b4 Ra8b8
18.Ng3h5 Ng8e7
19.Nh5g3 Ne7g6
20.Rf1e1 Ng6f4
21.Bd3f1 Nb6d7
22.Kh2 cxb4
23.Rb1xb4 Nd7c5
24.Be3xc5 Qc7xc5
25.Qc1b2 Rf8e8
26.Re1b1 Re8e7
27.Qb2d2 Re7c7
28.Rb4b6 Bg7f6
29.Rb6xa6 b6
30.Ra6a4 Bc8d7
31.Ra4a5 bxa5
32.Rb1xb8 Rc7c8
33.Rb8b1 Bf6d8
34.Qd2e3 Qc5xe3
35.fxe3 Nf4g6
36.Ng3f5 Bd7xf5
37.exf5 Ng6f8
38.a4 Nf8d7
39.Bf1d3 f6
40.Nf3d2 Rc8b8
41.Rb1b5 Rb8xb5
42.cxb5 Nd7c5
43.Bd3c2 Bd8b6
44.Nd2c4 Bb6c7
45.b6 Bc7d8
46.e4 Nc5b7
47.Kg3 Bd8e7
48.Bc2d3 Be7d8
49.Bd3c2 Kg7
{ draw }
1/2-1/2

[Event "Match"]
[Site "www.echecsemail.com"]
[Date "2018.07.12"]
[Round "1"]
[White "Trusivka"]
[Black "Paco"]
[WhiteElo "1590"]
[BlackElo "1970"]
[Result "0-1"]
[Round "1"]
1.e4 e5
2.Ng1f3 Nb8c6
3.Bf1c4 h6
4.d4 exd4
5.Nb1a3 Bf8b4
6.Bc1d2 Bb4c5
7.Bd2c3 dxc3
8.bxc3 Bc5xa3
 { time }
0-1

[Event "Match"]
[Site "www.echecsemail.com"]
[Date "2018.07.12"]
[Round "1"]
[White "Ericleo1980"]
[Black "Trusivka"]
[WhiteElo "2130"]
[BlackElo "1499"]
[Result "1-0"]
[Round "1"]
1.e4 e6
2.d4 f6
3.c4 e5
4.dxe5 fxe5
5.Qd1h5 Ke7
6.Qh5xe5 Kf7
7.Qe5d5 Ke8
8.Bc1g5 Bf8e7
9.Qd5e5 d6
10.Qe5xg7 Be7f6
11.Qg7xh8 Bf6xh8
12.Bg5xd8 Bh8xb2
13.Bd8xc7 Kd7
14.Bc7a5 Nb8c6
15.Ba5c3 h6
16.Bc3xb2 Ng8f6
17.Bb2xf6  { time }
1-0

[Event "Match"]
[Site "www.echecsemail.com"]
[Date "2018.07.12"]
[Round "1"]
[White "Ranjachess"]
[Black "Rindrandria"]
[WhiteElo "1820"]
[BlackElo "1790"]
[Result "1-0"]
[Round "1"]
1.d4 c6
2.e4 b5
3.Nb1d2 Qd8c7
4.e5 d5
5.f4 f5
6.Ng1f3 e6
7.Nd2b3 Bc8d7
8.Nb3c5 Bf8xc5
9.dxc5 Qc7a5
10.Bc1d2 Qa5c7
11.Nf3d4 g5
12.Qd1h5 Kd8
13.Qh5xg5 Ng8e7
14.a4 Qc7b7
15.Qg5f6 Rh8g8
16.Nd4xe6 Bd7xe6
17.Qf6xe6 bxa4
18.Bf1d3 Qb7xb2
19.Kf2 Nb8d7
20.Rh1b1 Qb2d4
21.Bd2e3 Qd4c3
22.Bd3xf5 Nd7f8
23.Qe6d6 Ke8
24.Bf5d3 Ra8d8
25.Qd6h6 d4
26.Be3c1 Qc3xc5
27.Rb1b7 Qc5d5
28.g3 Qd5a5
29.e6 c5
30.Bd3b5 Nf8d7
31.Ra1xa4 Ne7f5
32.exd7 Ke7
33.Qh6xh7 Rg8g7
34.Qh7xf5 Qa5c3
35.Qf5e5 Kf7
36.Bb5c4 Kf8
37.Qe5f6 Rg7f7
38.Qf6xf7 
1-0

[Event "Match"]
[Site "www.echecsemail.com"]
[Date "2018.07.12"]
[Round "1"]
[White "Ditto"]
[Black "Joskomol"]
[WhiteElo "1880"]
[BlackElo "1809"]
[Result "0-1"]
[Round "1"]
1.e4 e6
2.e5 d6
3.Ng1f3 dxe5
4.Nf3xe5 Bf8d6
5.Ne5f3 Ng8f6
6.d4 Nb8c6
7.Bc1g5 h6
8.Bf1b5 hxg5
9.c3 g4
10.Nf3g5 Bd6xh2
11.g3 Qd8d5
12.Bb5xc6 bxc6
13.Rh1f1 Bc8a6
14.Qd1d2 Qd5g2
15.Qd2f4 Qg2xf1
16.Kd2 Bh2xg3
17.Qf4xg3 Qf1e2
18.Kc1 Rh8h1
{ resign }
0-1

[Event "Tourn. n9891"]
[Site "www.echecsemail.com"]
[Date "2018.07.12"]
[Round "1"]
[White "Bojan"]
[Black "Dougbeer"]
[WhiteElo "2010"]
[BlackElo "2070"]
[Result "0-1"]
[Round "1"]
1.e4 d5
2.exd5 Ng8f6
3.c4 e6
4.dxe6 Bc8xe6
5.a3 Bf8c5
6.b4 Bc5xf2
7.Kxf2 Qd8d4
8.Ke1 Qd4h4
9.g3 Qh4e4
10.Qd1e2 Qe4xh1
11.Ng1f3 O-O
12.Bc1b2 Be6g4
13.Kf2 Rf8e8
14.Qe2xe8 Nf6xe8
15.Bf1e2 Bg4xf3
16.Be2xf3 Qh1xh2
17.Bf3g2 Nb8d7
18.Nb1c3 Ne8f6
19.Nc3e2 Nf6e4
20.Kf3 Ne4xd2
21.Kf2 Ra8e8
22.Ne2f4 Nd2e4
23.Kf1 Qh2xg3
{ resign }
0-1

[Event "Match"]
[Site "www.echecsemail.com"]
[Date "2018.07.12"]
[Round "1"]
[White "Ericleo1980"]
[Black "Gidgud"]
[WhiteElo "2160"]
[BlackElo "2109"]
[Result "0-1"]
[Round "1"]
1.e4 e6
2.d4 d5
3.Nb1c3 Ng8f6
4.Bc1g5 Bf8e7
5.e5 Nf6d7
6.h4 a6
7.Bg5xe7 Qd8xe7
8.f4 c5
9.Ng1f3 O-O
10.Qd1d2 Nb8c6
11.O-O-O cxd4
12.Nf3xd4 Nc6xd4
13.Qd2xd4 Qe7c5
14.h5 Qc5xd4
15.Rd1xd4 b5
16.h6 g6
17.g3 { time. }
0-1

[Event "Match"]
[Site "www.echecsemail.com"]
[Date "2018.07.12"]
[Round "1"]
[White "Calponas"]
[Black "Dougbeer"]
[WhiteElo "2120"]
[BlackElo "1979"]
[Result "0-1"]
[Round "1"]
1.e4 e6
2.d4 d5
3.Nb1c3 Bf8b4
4.e5 c5
5.a3 Bb4xc3
6.bxc3 Ng8e7
7.Qd1g4 Qd8c7
8.Qg4xg7 Rh8g8
9.Qg7xh7 cxd4
10.cxd4 Qc7c3
11.Bc1d2 Qc3xa1
12.Ke2 b6
13.Bd2b4 Bc8a6
{ resign }
0-1

[Event "Match"]
[Site "www.echecsemail.com"]
[Date "2018.07.12"]
[Round "1"]
[White "Ditto"]
[Black "GilliÈre"]
[WhiteElo "1880"]
[BlackElo "2040"]
[Result "0-1"]
[Round "1"]
1.d4 Ng8f6
2.c4 g6
3.Ng1f3 Bf8g7
4.Nb1c3 d6
5.Bc1g5 Nb8d7
6.e3 O-O
7.Bf1d3 h6
8.Bg5f4 g5
9.Bf4g3 b6
10.O-O Bc8b7
11.Bd3c2 Rf8e8
12.Qd1d3 Bb7e4
13.Nc3xe4 e5
14.Ne4xf6 Nd7xf6
15.dxe5 dxe5
16.Nf3d2 Qd8xd3
17.Bc2xd3 c5
18.f3 Nf6h5
19.Bg3f2 Ra8d8
20.Nd2e4 Rd8xd3
21.b3 Nh5f6
22.Ne4g3 Nf6d7
23.Ng3e4 f5
24.Ne4g3 Re8f8
25.Ng3e2 e4
26.fxe4 Bg7xa1
27.Rf1xa1 fxe4
28.Ne2g3 Nd7f6
29.Ng3f5 Kh7
30.h3 Rf8d8
31.Bf2g3 Rd3d1
32.Ra1xd1 Rd8xd1
33.Kh2 Rd1d7
34.Bg3e5 Kg6
35.g4 Rd7d2
36.Kg1 Rd2xa2
37.Nf5e7 Kf7
38.Ne7c6 Nf6d7
39.Be5c3 Ke8
40.Bc3g7 Ra2e2
41.Nc6xa7 Re2xe3
42.Bg7xh6 Re3xh3
43.Bh6xg5 Rh3g3
44.Kf2 Rg3xg4
45.Bg5e3 Nd7e5
46.Na7b5 Ne5d3
47.Kf1 Rg4g3
48.Be3g1 Kd7
49.Bg1h2 Rg3f3
50.Ke2 Nd3c1
51.Ke1 Nc1xb3
52.Ke2 Nb3a5
53.Nb5d6 Rf3h3
54.Bh2f4 e3
55.Kd3 Na5b3
56.Nd6b5 Nb3c1
57.Kc2 Nc1e2
58.Bf4g5 Ne2d4
59.Nb5xd4 cxd4
60.Kd3 Rh3h5
61.Bg5f6 Rh5h6
62.Bf6xd4 Kc6
63.Bd4xe3 Rh6h3
64.Kd4 Rh3h4
65.Kd3 b5
66.c5 Rh4h3
67.Kd4 Rh3xe3
68.Kxe3 Kxc5
69.Kd3 Kb4
70.Kc2 Ka3
71.Kb1 Kb3
72.Ka1 Kc2
73.Ka2 b4
74.Ka1 Kb3
75.Kb1 Ka3
76.Ka1 b3
77.Kb1 b2
78.Kc2 Ka2
{ resign }
0-1

[Event "Tourn. n9877"]
[Site "www.echecsemail.com"]
[Date "2018.07.12"]
[Round "1"]
[White "Apdash"]
[Black "Grischuk2789"]
[WhiteElo "1810"]
[BlackElo "1809"]
[Result "0-1"]
[Round "1"]
1.e4 g6
2.d4 Bf8g7
3.Bf1c4 d6
4.Bc1g5 Ng8f6
5.Nb1d2 Nb8c6
6.Ng1f3 h6
7.e5 hxg5
8.exf6 Bg7xf6
9.Nd2e4 d5
10.Ne4xf6 exf6
11.Qd1e2 Kf8
12.Bc4b5 Kg7
13.O-O-O Rh8e8
14.Qe2d2 Re8h8
15.h3 Qd8d6
16.c4 b6
17.Qd2c3 Nc6b4
18.Kd2 Nb4xa2
19.Qc3a3 Na2b4
20.Rh1e1 c6
21.Bb5a4 dxc4
22.Re1e3 g4
23.hxg4 Bc8xg4
24.Ba4xc6 Ra8d8
25.Bc6a4 a5
26.Ke2 Qd6h2
27.Ba4b5 Qh2xg2
28.Bb5xc4 Nb4c2
{ resign }
0-1

[Event "Match"]
[Site "www.echecsemail.com"]
[Date "2018.07.12"]
[Round "1"]
[White "Mitja"]
[Black "Bojan"]
[WhiteElo "2050"]
[BlackElo "2050"]
[Result "1-0"]
[Round "1"]
1.d4 d5
2.e3 a6
3.c3 Nb8c6
4.Ng1f3 Qd8d6
5.h3 g6
6.b3 Bf8g7
7.Bf1e2 e5
8.dxe5 Nc6xe5
9.Nf3xe5 Bg7xe5
10.Bc1b2 b5
11.Nb1d2 c5
12.Nd2f3 Be5f6
13.O-O Bc8f5
14.Ra1c1 Ra8d8
15.Be2d3 Qd6e6
16.Bd3xf5 Qe6xf5
17.Bb2a3 c4
18.bxc4 dxc4
19.Nf3d4 Qf5e5
20.Qd1f3 Ng8e7
21.Ba3xe7 Bf6xe7
22.Nd4c6 Be7d6
23.Nc6xe5 Bd6xe5
24.Qf3c6 Ke7
25.Qc6c5 Be5d6
26.Qc5a7 Rd8d7
27.Qa7xa6 Rh8b8
28.Rf1d1 Rd7b7
29.Qa6xd6 { resign }
1-0